Signal Transduction and Smooth Muscle (Record no. 92808)
[ view plain ]
| 000 -LEADER | |
|---|---|
| fixed length control field | 01978namaa2200421uu 4500 |
| 001 - CONTROL NUMBER | |
| control field | doab29051 |
| 003 - CONTROL NUMBER IDENTIFIER | |
| control field | oapen |
| 005 - DATE AND TIME OF LATEST TRANSACTION | |
| control field | 20260305123947.0 |
| 006 - FIXED-LENGTH DATA ELEMENTS--ADDITIONAL MATERIAL CHARACTERISTICS | |
| fixed length control field | m o d |
| 007 - PHYSICAL DESCRIPTION FIXED FIELD--GENERAL INFORMATION | |
| fixed length control field | cr|mn|---annan |
| 008 - FIXED-LENGTH DATA ELEMENTS--GENERAL INFORMATION | |
| fixed length control field | 210210s2019 xx |||||o ||| 0|eng d |
| 020 ## - INTERNATIONAL STANDARD BOOK NUMBER | |
| International Standard Book Number | 9781315154589 |
| 040 ## - CATALOGING SOURCE | |
| Original cataloging agency | oapen |
| Transcribing agency | oapen |
| 041 0# - LANGUAGE CODE | |
| Language code of text/sound track or separate title | eng |
| 042 ## - AUTHENTICATION CODE | |
| Authentication code | dc |
| 072 #7 - SUBJECT CATEGORY CODE | |
| Subject category code | M |
| Source | bicssc |
| 245 00 - TITLE STATEMENT | |
| Title | Signal Transduction and Smooth Muscle |
| 260 ## - PUBLICATION, DISTRIBUTION, ETC. | |
| Name of publisher, distributor, etc. | Taylor & Francis |
| Date of publication, distribution, etc. | 2019 |
| 300 ## - PHYSICAL DESCRIPTION | |
| Extent | 1 online resource (412 p.) |
| 336 ## - CONTENT TYPE | |
| Content type term | text |
| Content type code | txt |
| Source | rdacontent |
| 337 ## - MEDIA TYPE | |
| Media type term | computer |
| Media type code | c |
| Source | rdamedia |
| 338 ## - CARRIER TYPE | |
| Carrier type term | online resource |
| Carrier type code | cr |
| Source | rdacarrier |
| 490 1# - SERIES STATEMENT | |
| Series statement | Methods in Signal Transduction Series |
| 506 0# - RESTRICTIONS ON ACCESS NOTE | |
| Terms governing access | Free-to-read |
| Standardized terminology for access restriction | Unrestricted online access |
| Source of term | star |
| 520 ## - SUMMARY, ETC. | |
| Summary, etc. | All hollow organs, such as blood vessels, the gastrointestinal tract, airways, male and female reproductive systems, and the urinary bladder are primarily composed of smooth muscle. Such organs regulate flow, propulsion and mixing of luminal contents and storage by the contraction and relaxation of smooth muscle cells. Smooth muscle cells respond to numerous inputs, including pressure, shear stress, intrinsic and extrinsic innervation, hormones and other circulating molecules, as well as autocrine and paracrine factors. This book is a review of smooth muscle cell regulation in the cardiovascular, reproductive, GI, and other organ systems with emphasis on calcium and receptor signaling. |
| 540 ## - TERMS GOVERNING USE AND REPRODUCTION NOTE | |
| Terms governing use and reproduction | All rights reserved |
| Uniform Resource Identifier | <a href="http://oapen.org/content/about-rights">http://oapen.org/content/about-rights</a> |
| 546 ## - LANGUAGE NOTE | |
| Language note | English |
| 650 #7 - SUBJECT ADDED ENTRY--TOPICAL TERM | |
| Topical term or geographic name entry element | Medicine and Nursing |
| Source of heading or term | bicssc |
| 653 ## - INDEX TERM--UNCONTROLLED | |
| Uncontrolled term | organs |
| 653 ## - INDEX TERM--UNCONTROLLED | |
| Uncontrolled term | regulation |
| 653 ## - INDEX TERM--UNCONTROLLED | |
| Uncontrolled term | Smooth muscle cell |
| 720 1# - ADDED ENTRY--UNCONTROLLED NAME | |
| Name | Trebak, Mohamed |
| Relationship | edt |
| 720 1# - ADDED ENTRY--UNCONTROLLED NAME | |
| Name | Earley, Scott |
| Relationship | edt |
| 720 1# - ADDED ENTRY--UNCONTROLLED NAME | |
| Name | Earley, Scott |
| Relationship | oth |
| 720 1# - ADDED ENTRY--UNCONTROLLED NAME | |
| Name | Trebak, Mohamed |
| Relationship | oth |
| 793 0# - | |
| -- | DOAB Library. |
| 856 40 - ELECTRONIC LOCATION AND ACCESS | |
| Uniform Resource Identifier | <a href="https://directory.doabooks.org/handle/20.500.12854/29051">https://directory.doabooks.org/handle/20.500.12854/29051</a> |
| Access status | 0 |
| Public note | Free-to-read: DOAB: description of the publication |
No items available.